Statystyki dla 15 najbardziej dotkniętych krajów Covid-19 - 1 czerwca

Kliknij tutaj aby rozwiązać quiz!

Ogólne statystyki

  • Ten quiz został rozwiązany 32 razy
  • Średni wynik to 15 z 25

Statystyki odpowiedzi

kraj% Poprawnych
Stany Zjednoczone
96%
Włochy
96%
Hiszpania
93%
Niemcy
89%
Francja
86%
Rosja
86%
Wielka Brytania
82%
Brazylia
79%
Kanada
79%
Indie
75%
Meksyk
71%
Belgia
64%
Szwecja
64%
Iran
54%
Peru
50%
Turcja
50%
Irlandia
46%
Chile
43%
Chile
43%
Szwajcaria
36%
Białoruś
29%
Katar
21%
Kuwejt
11%
Singapur
11%
Bahrajn
7%

Rozkład punktacji

Percentyl według liczby udzielonych odpowiedzi

Procent ludzi z każdym wynikiem

Twoja historia wyników

Nie rozwiązałeś tego quizu